|
|
|
|
| LEADER |
01727nam a2200397 i 4500 |
| 001 |
EBC5152122 |
| 003 |
MiAaPQ |
| 005 |
20200123133905.0 |
| 006 |
m o d | |
| 007 |
cr cnu|||||||| |
| 008 |
200123s2017 xx o 000 0 spa d |
| 020 |
|
|
|z 9782808003308
|
| 020 |
|
|
|a 9782808003292
|q (electronic bk.)
|
| 035 |
|
|
|a (MiAaPQ)EBC5152122
|
| 035 |
|
|
|a (Au-PeEL)EBL5152122
|
| 035 |
|
|
|a (CaPaEBR)ebr11471907
|
| 035 |
|
|
|a (OCoLC)1013824214
|
| 040 |
|
|
|a MiAaPQ
|b eng
|e rda
|e pn
|c MiAaPQ
|d MiAaPQ
|
| 050 |
|
4 |
|a BF575.A6
|b .B563 2017
|
| 082 |
0 |
|
|a 152.46
|2 23
|
| 100 |
1 |
|
|a Biodore, Sabrina,
|e author.
|
| 245 |
1 |
0 |
|a Toma el control sobre la ansiedad :
|b las claves para lograr la plenitud personal y profesional /
|c por Sabrina Biodore ; traducido por Laura Soler Pinson.
|
| 264 |
|
1 |
|a [Place of publication not identified] :
|b 50Minutos.es,
|c [2017]
|
| 264 |
|
4 |
|c 2017
|
| 300 |
|
|
|a 1 online resource (26 pages)
|
| 336 |
|
|
|a text
|b txt
|2 rdacontent
|
| 337 |
|
|
|a computer
|b c
|2 rdamedia
|
| 338 |
|
|
|a online resource
|b cr
|2 rdacarrier
|
| 588 |
|
|
|a Description based on print version record.
|
| 590 |
|
|
|a Electronic reproduction. Ann Arbor, MI : ProQuest, 2018. Available via World Wide Web. Access may be limited to ProQuest affiliated libraries.
|
| 650 |
|
0 |
|a Anxiety.
|
| 655 |
|
4 |
|a Electronic books.
|
| 700 |
1 |
|
|a Soler Pinson, Laura,
|e translator.
|
| 776 |
0 |
8 |
|i Print version:
|a Biodore, Sabrina.
|t Toma el control sobre la ansiedad : las claves para lograr la plenitud personal y profesional.
|d [Place of publication not identified] : 50Minutos.es, c2017
|h 26 pages
|z 9782808003308
|
| 797 |
2 |
|
|a ProQuest (Firm)
|
| 856 |
4 |
0 |
|u https://ebookcentral.proquest.com/lib/matrademy/detail.action?docID=5152122
|z Click to View
|